000 00382nam a2200145 i 4500
001 bg
100 1 _aCZARNEK, Janusz
245 0 _aRachunek efektywności inwestycji i postępu technicznego w przemyśle /
_cJanusz Czarnek.
260 _aWarszawa,
_c1976.
040 _cBPK
041 _apol
080 _a62.001:330.322
942 _cKS
008 s pl f |000 0 pol
999 _c9491
_d9491
856 _uhttp://koha.tu.koszalin.pl/cgi-bin/koha/opac-detail.pl?biblionumber=9491
_yKatalog online BPK